Chakbast Awr Baqiyat-E-Chakbast (Record no. 8702)

MARC details
000 -LEADER
fixed length control field 00621nam a2200253 a 4500
020 ## - INTERNATIONAL STANDARD BOOK NUMBER
ISBN
082 00 - DEWEY DECIMAL CLASSIFICATION NUMBER
Classification number 891.4391
Author Cutter RAZ2
100 ## - MAIN ENTRY--AUTHOR NAME
Author name Raza, Kalidas Gupta
245 ## - TITLE STATEMENT
Title Chakbast Awr Baqiyat-E-Chakbast
260 ## - PUBLICATION, DISTRIBUTION, ETC. (IMPRINT)
Place of publication Bombay
Name of publisher Vimal Pub
Year of publication 1979
300 ## - PHYSICAL DESCRIPTION
Number of Pages 276p
500 ## - GENERAL NOTE
General note includes index and biblioraphy
505 2# - FORMATTED CONTENTS NOTE
Formatted contents note Index, Bibliography
650 ## - SUBJECT ADDED ENTRY--TOPICAL TERM
Topical Term Urdu-Poetry
650 ## - SUBJECT ADDED ENTRY--TOPICAL TERM
Topical Term Poetry-Chakbast
942 ## - ADDED ENTRY ELEMENTS (KOHA)
Koha item type Books
700 1# -
-- Raza, Kalidas Gupta
Holdings
Collection code Home library Current library Date acquired Cost, normal purchase price Full call number Accession Number Koha item type
  Henry Martyn Institute Library Henry Martyn Institute Library 06/25/2007 40.00 891.4391 RAZ2 010353 Books
                   Copyright © 2026 | Henry Martyn Institute | Hyderabad | TS-500052 | INDIA | Implemented by hmi.edu.in
Hit-Count:

Powered by Koha